Siamsinpawlpi annual magazine : volum LX: 2024-2025 : (Record no. 11107)

MARC details
000 -LEADER
fixed length control field 00453nam a22001457a 4500
003 - CONTROL NUMBER IDENTIFIER
control field GBCCL
005 - DATE AND TIME OF LATEST TRANSACTION
control field 20251209144641.0
008 - FIXED-LENGTH DATA ELEMENTS--GENERAL INFORMATION
fixed length control field 251209b |||||||| |||| 00| 0 eng d
040 ## - CATALOGING SOURCE
Transcribing agency GBC
082 ## - DEWEY DECIMAL CLASSIFICATION NUMBER
Classification number MAG SIA
Item number 2025
245 ## - TITLE STATEMENT
Title Siamsinpawlpi annual magazine : volum LX: 2024-2025 :
Remainder of title Tak-Heh ! Hanchiam in, Siamsin ni ! /
Statement of responsibility, etc. edited by T Thangkhansiam
260 ## - PUBLICATION, DISTRIBUTION, ETC.
Place of publication, distribution, etc. Lamka :
Name of publisher, distributor, etc. SSPP general headquarters,
Date of publication, distribution, etc. 2025
300 ## - PHYSICAL DESCRIPTION
Extent 206P. ;
942 ## - ADDED ENTRY ELEMENTS (KOHA)
Source of classification or shelving scheme Dewey Decimal Classification
Koha item type Archives
Suppress in OPAC No
Holdings
Withdrawn status Lost status Source of classification or shelving scheme Damaged status Not for loan Home library Current Library Shelving location Date acquired Total checkouts Full call number Barcode Date last seen Copy number Price effective from Koha item type
    Dewey Decimal Classification     GRACE BIBLE COLLEGE GRACE BIBLE COLLEGE Archives 2025-12-09   MAG SIA 2025 250319 2025-12-09 c.1 2025-12-09 Archives
    Dewey Decimal Classification     GRACE BIBLE COLLEGE GRACE BIBLE COLLEGE Archives 2025-12-09   MAG SIA 2025 250325 2025-12-09 c.2 2025-12-09 Archives
© Grace Bible College Library 2025